<?xml version="1.0" encoding="UTF-8"?>
<record
    xmlns:xsi="http://www.w3.org/2001/XMLSchema-instance"
    xsi:schemaLocation="http://www.loc.gov/MARC21/slim http://www.loc.gov/standards/marcxml/schema/MARC21slim.xsd"
    xmlns="http://www.loc.gov/MARC21/slim">

  <leader>00716nam a22001697a 4500</leader>
  <datafield tag="020" ind1=" " ind2=" ">
    <subfield code="a">9552305926</subfield>
  </datafield>
  <datafield tag="082" ind1=" " ind2=" ">
    <subfield code="a">541.36 FER</subfield>
  </datafield>
  <datafield tag="100" ind1=" " ind2=" ">
    <subfield code="a">Fernando,J.N.O</subfield>
  </datafield>
  <datafield tag="245" ind1=" " ind2=" ">
    <subfield code="a">&#xDBB;&#xDC3;&#xDCF;&#xDBA;&#xDB1; &#xDC0;&#xDD2;&#xDAF;&#xDCA;&#x200D;&#xDBA;&#xDCF;&#xDC0; &#xDB8;&#xDD4;&#xDBD;&#xDD2;&#xD9A; &#xDB8;&#xDD4;&#xDBD;&#xDB0;&#xDBB;&#xDCA;&#xDB8; : &#xDB4;&#xDAF;&#xDCF;&#xDBB;&#xDCA;&#xDAE;&#xDBA;&#xDDA; &#xD85;&#xDC0;&#xDC3;&#xDCA;&#xDAE;&#xDCF; &#xDC3;&#xDC4; &#xDAD;&#xDCF;&#xDB4;&#xD9C;&#xDAD;&#xDD2; &#xDC0;&#xDD2;&#xDAF;&#xDCA;&#x200D;&#xDBA;&#xDCF;&#xDC0; </subfield>
  </datafield>
  <datafield tag="250" ind1=" " ind2=" ">
    <subfield code="a">chemistry part 3 -CHU 1221 </subfield>
  </datafield>
  <datafield tag="260" ind1=" " ind2=" ">
    <subfield code="a">Colombo</subfield>
    <subfield code="b">Open University</subfield>
    <subfield code="c">1995</subfield>
  </datafield>
  <datafield tag="300" ind1=" " ind2=" ">
    <subfield code="a">183p</subfield>
  </datafield>
  <datafield tag="490" ind1=" " ind2=" ">
    <subfield code="a"> chemistry -PSU 2603</subfield>
  </datafield>
  <datafield tag="505" ind1=" " ind2=" ">
    <subfield code="a">Bachelor of Science -Level </subfield>
  </datafield>
  <datafield tag="650" ind1=" " ind2=" ">
    <subfield code="a">Chemistry, &#xDBB;&#xDC3;&#xDCF;&#xDBA;&#xDB1; &#xDC0;&#xDD2;&#xDAF;&#xDCA;&#x200D;&#xDBA;&#xDC0; </subfield>
    <subfield code="a">&#xDB4;&#xDAF;&#xDCF;&#xDBB;&#xDCA;&#xDAE;&#xDBA;&#xDDA; &#xD85;&#xDC0;&#xDC3;&#xDCA;&#xDAE;&#xDCF; , &#xDAD;&#xDCF;&#xDB4;&#xD9C;&#xDAD;&#xDD2; &#xDC0;&#xDD2;&#xDAF;&#xDCA;&#x200D;&#xDBA;&#xDCF;&#xDC0; </subfield>
    <subfield code="a">thermodynamics</subfield>
  </datafield>
  <datafield tag="942" ind1=" " ind2=" ">
    <subfield code="c">REF</subfield>
  </datafield>
  <datafield tag="999" ind1=" " ind2=" ">
    <subfield code="c">854</subfield>
    <subfield code="d">854</subfield>
  </datafield>
  <datafield tag="952" ind1=" " ind2=" ">
    <subfield code="0">0</subfield>
    <subfield code="1">0</subfield>
    <subfield code="7">0</subfield>
    <subfield code="8">NFIC</subfield>
    <subfield code="a">IC</subfield>
    <subfield code="b">IC</subfield>
    <subfield code="c">GEN</subfield>
    <subfield code="d">2015-06-02</subfield>
    <subfield code="l">0</subfield>
    <subfield code="o">541.36 FER</subfield>
    <subfield code="p">004281</subfield>
    <subfield code="r">2015-06-02 00:00:00</subfield>
    <subfield code="w">2015-06-02</subfield>
    <subfield code="y">REF</subfield>
  </datafield>
</record>
